A first Course in Cost and Management Accounting : Foundation. Instruction. Right. Start. Textbooks /
Salvato in:
| Autore principale: | |
|---|---|
| Natura: | Libro |
| Lingua: | inglese |
| Pubblicazione: |
London
DP Publications
1990
|
| Edizione: | 1st Ed. |
| Tags: |
Nessun Tag, puoi essere il primo ad aggiungerne!!
|
MARC
| LEADER | 00000nam a22000003a 4500 | ||
|---|---|---|---|
| 001 | 0013484 | ||
| 003 | SK-STU | ||
| 005 | 20160322094843.2 | ||
| 007 | ta | ||
| 008 | 160322s ----xo-----e------000-0-----d | ||
| 020 | |a 1-870941-54-3 | ||
| 040 | |a STU |b slo | ||
| 041 | 0 | |a eng | |
| 044 | |a xxk | ||
| 100 | 1 | |a Lucey, T. |4 aut | |
| 245 | 1 | 0 | |a A first Course in Cost and Management Accounting : |b Foundation. Instruction. Right. Start. Textbooks / |c aut. T Lucey |
| 250 | |a 1st Ed. | ||
| 260 | |a London |b DP Publications |c 1990 | ||
| 300 | |a 253 p. | ||
| 996 | |b 284M086680 |c M*13857-1 |l MMKN |s A |a 24 |w 0013484_0001 | ||